चुनी हुई कहानिया (Record no. 56820)
[ view plain ]
| 000 -LEADER | |
|---|---|
| fixed length control field | 00447nam a22001577a 4500 |
| 003 - CONTROL NUMBER IDENTIFIER | |
| control field | macl |
| 005 - DATE AND TIME OF LATEST TRANSACTION | |
| control field | 20170808172031.0 |
| 008 - FIXED-LENGTH DATA ELEMENTS--GENERAL INFORMATION | |
| fixed length control field | 170808b xxu||||| |||| 00| 0 eng d |
| 040 ## - CATALOGING SOURCE | |
| Transcribing agency | macl |
| 082 ## - DEWEY DECIMAL CLASSIFICATION NUMBER | |
| Classification number | 891.433 |
| 100 ## - MAIN ENTRY--PERSONAL NAME | |
| Personal name | मुंशी प्रेमचंद |
| 9 (RLIN) | 45063 |
| 245 ## - TITLE STATEMENT | |
| Title | चुनी हुई कहानिया |
| 260 ## - PUBLICATION, DISTRIBUTION, ETC. (IMPRINT) | |
| Place of publication, distribution, etc. | रचना प्रकाशन |
| 651 ## - SUBJECT ADDED ENTRY--GEOGRAPHIC NAME | |
| Geographic name | कहानियॉ |
| 9 (RLIN) | 68568 |
| 942 ## - ADDED ENTRY ELEMENTS (KOHA) | |
| Source of classification or shelving scheme | |
| Koha item type | Hindi Books |
No items available.









